000
00354nam a2200157Ia 4500
008
191201s2019 xx 000 0 und d
020
_a
9788131510995
082
_a
006.33 KAA
100
_a
Kaushik,Saroj
245
0
_a
Artificial Intelligence
250
_a
1st Ed.
260
_b
Cengage
300
_a
645p
650
_a
B.Tech(CSE)
942
_2
ddc
_c
BK
999
_c
6859
_d
6859